000 00599pab a2200205 454500
008 180718b2017 xxu||||| |||| 00| 0 eng d
100 _aBanerjee, Purna
245 _aTrade liberalisation and women's employment intensity: analysis of India's manufacturing industries
260 _c2017
300 _ap.37-47.
362 _a2 Sep
650 _aindia - Manufacturing industries
650 _aManufacturing industry
650 _aLiberalization
650 _aTrade
650 _aWomens employment
700 _aVeeramani, C.
773 _aEconomic and Political Weekly
909 _a115770
999 _c115764
_d115764